UM Logo

Community policing and problem solving : (Record no. 7027)

MARC details
000 -LEADER
fixed length control field 00835nam a2200217 4500
008 - FIXED-LENGTH DATA ELEMENTS--GENERAL INFORMATION
fixed length control field 170714b xxu||||| |||| 00| 0 eng d
020 ## - INTERNATIONAL STANDARD BOOK NUMBER
International Standard Book Number 0-13-294687-4
082 ## - DEWEY DECIMAL CLASSIFICATION NUMBER
Edition number 1996
Classification number DC 363.23
Item number P32
100 ## - MAIN ENTRY--PERSONAL NAME
9 (RLIN) 21265
Personal name Peak, Kenneth J., 1947-
245 ## - TITLE STATEMENT
Title Community policing and problem solving :
Remainder of title strategies and practices /
Statement of responsibility, etc. Kenneth J. Peak, Ronald W. Glensor
260 ## - PUBLICATION, DISTRIBUTION, ETC. (IMPRINT)
Place of publication, distribution, etc. Upper Saddle River, NJ :
Name of publisher, distributor, etc. Prentice Hall,
Date of publication, distribution, etc. c1996.
300 ## - PHYSICAL DESCRIPTION
Extent xxvi, 436 pages :
Other physical details illustrations ;
Dimensions 24 cm.
500 ## - GENERAL NOTE
General note Includes bibliographical references and index.
650 #0 - SUBJECT ADDED ENTRY--TOPICAL TERM
9 (RLIN) 21266
Topical term or geographic name as entry element Community policing
650 #0 - SUBJECT ADDED ENTRY--TOPICAL TERM
9 (RLIN) 21267
Topical term or geographic name as entry element Police administration
650 #0 - SUBJECT ADDED ENTRY--TOPICAL TERM
9 (RLIN) 21268
Topical term or geographic name as entry element Community policing -- United States
650 #0 - SUBJECT ADDED ENTRY--TOPICAL TERM
9 (RLIN) 21269
Topical term or geographic name as entry element Police administration -- United States
700 ## - ADDED ENTRY--PERSONAL NAME
9 (RLIN) 21270
Personal name Glensor, Ronald W
365 ## - TRADE PRICE
Price amount 2,288.00
Currency code Php
942 ## - ADDED ENTRY ELEMENTS (KOHA)
Source of classification or shelving scheme Dewey Decimal Classification
Koha item type Circulation
Holdings
Withdrawn status Lost status Source of classification or shelving scheme Damaged status Not for loan Collection code Home library Current library Date acquired Source of acquisition Cost, normal purchase price Total Checkouts Full call number Barcode Date last seen Price effective from Koha item type
    Dewey Decimal Classification     Circulation UM Digos College - LIC UM Digos College - LIC 10/25/1996 Purchased 2288.00   DC 363.23 P32 1996 121268 05/15/2025 07/14/2017 Circulation